000 00490nam a2200157Ia 4500
003 LK-CoDNM
008 010623t1991 xxu||||| |||| 00| 1 eng d
040 _aLK-CoDNM
_dLK-CoDNM
_eLK-CoDNM
041 _aeng
080 _a301 APR
245 _aA Profile Of Child Development In Sri Lanka
260 _bHuman Resource Development Division , National Planning Department , Ministry Of Policy Planning Implementation
_c1991
300 _b52p.;29 cm cm
650 _aSociology
942 _cBK
999 _c114944
_d114944